| 000 | 00404nam a2200181Ia 4500 | ||
|---|---|---|---|
| 005 | 20250423101002.0 | ||
| 008 | 250422s9999 xx 000 0 und d | ||
| 020 | _a9783200135 | ||
| 050 | _aQA 3 .A33/ | ||
| 100 | _aAjaja, O. | ||
| 245 | 0 | _aSSCE & JME mathematics | |
| 260 | _aLagos | ||
| 260 | _bLamlad publications | ||
| 260 | _c1999 | ||
| 300 | _a263 p | ||
| 650 | _aMathematics | ||
| 942 | _cBK | ||
| 999 |
_c34942 _d34942 |
||